Ako sa má slovenské kúpeľníctvo ? silný segment cestovného ruchu postupne vyťahuje staré i nové tromfy

Zdravotnícky turizmus a kúpeľný cestovný ruch. Investičné aktivity. Zmena marketingového myslenia. Komplexnosť zdravotníckej starostlivosti. Klienti. Trh slovenských kúpeľov. Ochrana prírodných liečivých zdrojov. Podpora štátu pri propagácií kúpeľov u nás a v zahraničí.

Na minha lista:
Detalhes bibliográficos
Autor principal: Martiš, Jozef
Formato: Capítulo de Livro
Idioma:eslovaco
Assuntos:
Tags: Adicionar Tag
Sem tags, seja o primeiro a adicionar uma tag!

MARC

LEADER 00000naa$a2200000$$$4500
001 0099539
005 20220725111308.7
041 0 |a slo 
044 |a SK 
245 1 0 |a Ako sa má slovenské kúpeľníctvo ?  |b silný segment cestovného ruchu postupne vyťahuje staré i nové tromfy  |c Jozef Martiš 
520 |a Zdravotnícky turizmus a kúpeľný cestovný ruch. Investičné aktivity. Zmena marketingového myslenia. Komplexnosť zdravotníckej starostlivosti. Klienti. Trh slovenských kúpeľov. Ochrana prírodných liečivých zdrojov. Podpora štátu pri propagácií kúpeľov u nás a v zahraničí. 
610 2 0 |a kúpele 
610 2 0 |a zdroje prírodné 
610 2 0 |a starostlivosť o zdravie 
610 2 0 |a ruch cestovný 
610 2 0 |a kúpeľníctvo 
610 2 0 |a Slovensko 
100 1 |a Martiš, Jozef